El Sistema jurídico de las comunidades autónomas / Eliseo Aja ... [et al.]
ISBN:
84-309-1216-9
Descripción Física:
476 p. ; 24 cm
Otros Autores:
Aja, Eliseo
MARC
| LEADER | 00000nam a2200000Ia 4500 | ||
|---|---|---|---|
| 001 | 18748 | ||
| 008 | 160829s1985 xx 000 0 cat d | ||
| 020 | |a 84-309-1216-9 | ||
| 080 | |a D-3-152 | ||
| 245 | |a El Sistema jurídico de las comunidades autónomas / Eliseo Aja ... [et al.] | ||
| 260 | |a Madrid : |b Tecnos, |c 1985 | ||
| 300 | |a 476 p. ; |c 24 cm | ||
| 590 | |a Referències bibliogràfiques a cada capítol | ||
| 650 | |a Dret constitucional |x Espanya |9 44633 | ||
| 650 | 0 | |a Dret administratiu |z Espanya |9 23238 | |
| 650 | |a Autonomia |x Espanya I |9 44634 | ||
| 650 | |a Comunitats autònomes |9 36800 | ||
| 700 | 1 | |a Aja, Eliseo |9 44635 | |
| 901 | |a Arxiu | ||
| 942 | |n 1 | ||
| 952 | |0 1 |1 0 |2 udc |4 0 |5 2 |6 D3152 |7 1 |9 52062 |a Arxiu |b Arxiu |d 2016-12-01 |l 0 |o D-3-152 |p 18748 |r 2016-12-01 00:00:00 |w 2016-12-01 |y ARXIU | ||
| 999 | |c 55910 |d 55910 | ||